书目信息 |
| 题名: |
税收业务手册
|
|
| 作者: | 唐山市地方税务局直属三分局 | |
| 分册: | 第一册 | |
| 出版信息: | 唐山 不详 1995 |
|
| 页数: | 251页 | |
| 开本: | 20cm | |
| 丛书名: | ||
| 单 册: | ||
| 中图分类: | F810.42 | |
| 科图分类: | ||
| 主题词: | 财政 | |
| 电子资源: | ||
| ISBN: | ||
| 000 | 00592nam0 2200181 450 | |
| 001 | 0754076660 | |
| 005 | 20070804161937.57 | |
| 010 | @d不详 | |
| 100 | @a20070803d1995 km y0chiy0120 ea | |
| 101 | 0 | @achi |
| 200 | 1 | @a税收业务手册@Ashui shou ye wu shou ce@h第一册@f唐山市地方税务局直属三分局@Ftang shan shi di fang shui wu ju zhi shu san fen ju |
| 210 | @a唐山@c不详@d1995 | |
| 215 | @a251页@d20cm | |
| 606 | 0 | @a财政 |
| 690 | @aF810.42@v3 | |
| 701 | 0 | @a唐山市地方税务局直属三分局@Atang shan shi di fang shui wu ju zhi shu san fen ju |
| 801 | 0 | @aCN@bPFT@c20070804 |
| 905 | @a10447@dF810.42@e52:1 | |
| 税收业务手册.第一册/唐山市地方税务局直属三分局.-唐山:不详,1995 |
| 251页;20cm |
| ISBN :不详 |
| ● |
| 相关链接 |
|
|
|
|
正题名:税收业务手册
索取号:F810.42/52:1
 
预约/预借
| 序号 | 登录号 | 条形码 | 馆藏地/架位号 | 状态 | 备注 |
| 1 | 0791616 | 207916166 | 第一样本阅览室/ [索取号:F810.42/52:1] | 在馆 |